O guardião de memórias / (Record no. 227)

MARC details
000 -LÍDER
campo de controle de tamanho fixo 02276nam a2200313 4500
001 - NÚMERO DE CONTROLE
campo de controle 227
003 - IDENTIFICADOR DO NÚMERO DE CONTROLE
campo de controle OSt
005 - DATA E HORÁRIO DA ÚLTIMA TRANSAÇÃO
campo de controle 20250528074015.0
008 - CAMPO DE DADOS FIXOS--INFORMAÇÃO GERAL
campo de controle de tamanho fixo 250204b |||||||g |||| 00| 1 eng d
020 ## - ISBN - INTERNATIONAL STANDARD BOOK NUMBER
ISBN - International Standard Book Number 9788599296141
040 ## - FONTE DA CATALOGAÇÃO
Idioma da catalogação por
041 ## - CÓDIGO DE IDIOMA
Código do idioma do original e/ou traduções intermediárias do texto eng
Código do idioma do texto/trilha sonora ou título diferente por
082 ## - CDD - CLASSIFICAÇÃO DECIMAL DE DEWEY
Número de Classificação 813
Número do exemplar E26g
100 1# - ENTRADA PRINCIPAL--NOME PESSOAL
Nome pessoal Edwards, Kim,
Datas associadas ao nome 1958-
9 (RLIN) 419
240 ## - TÍTULO UNIFORME
Título uniforme The memory keeper´s daughter
245 ## - TÍTULO
Título O guardião de memórias /
Indicação de responsabilidade, etc. Edwards, Kim ; Tradução de Vera Ribeiro
260 ## - PUBLICAÇÃO, DISTRIBUIÇÃO, ETC.
Local de publicação, distribuição, etc. Rio de Janeiro
Nome do editor, distribuidor, etc. Sextante
Data da publicação, distribuição, etc. 2007
300 ## - DESCRIÇÃO FÍSICA
Extensão 361 p.
520 ## - NOTA DE RESUMO, ETC.
Resumo, etc. Com mais de três milhões de exemplares vendidos nos Estados Unidos, O Guardião de Memórias é uma fascinante história sobre vidas paralelas, famílias separadas pelo destino, segredos do passado e o infinito poder do amor verdadeiro. Inverno de 1964. Uma violenta tempestade de neve obriga o Dr. David Henry a fazer o parto de seus filhos gêmeos. O menino, primeiro a nascer, é perfeitamente saudável, mas o médico logo reconhece na menina sinais da síndrome de Down. Guiado por um impulso irrefreável e por dolorosas lembranças do passado, Dr. Henry toma uma decisão que mudará para sempre a vida de todos e o assombrará até a morte: ele pede que sua enfermeira, Caroline, entregue a criança para adoção e diz à esposa que a menina não sobreviveu. Tocada pela fragilidade do bebê, Caroline decide sair da cidade e criar Phoebe como sua própria filha. E Norah, a mãe, jamais consegue se recuperar do imenso vazio causado pela ausência da menina. A partir daí, uma intrincada trama de segredos, mentiras e traições se desenrola, abrindo feridas que nem o tempo será capaz de curar. A força deste livro não está apenas em sua construção bem amarrada ou no realismo de seus personagens, mas, principalmente, na sua capacidade de envolver o leitor da primeira à última página. Com uma trama tensa e cheia de surpresas, O Guardião de Memórias vai emocionar e mostrar o profundo - e às vezes irreversível - poder de nossas escolhas.<br/>
650 #0 - ASSUNTO--TERMO TÓPICO
Cabeçalho tópico ou nome geográfico Literatura Americana
9 (RLIN) 84
650 #0 - ASSUNTO--TERMO TÓPICO
Cabeçalho tópico ou nome geográfico Drama
9 (RLIN) 18
650 #0 - ASSUNTO--TERMO TÓPICO
Cabeçalho tópico ou nome geográfico PCD
9 (RLIN) 420
650 #0 - ASSUNTO--TERMO TÓPICO
Cabeçalho tópico ou nome geográfico Superação
9 (RLIN) 27
650 #0 - ASSUNTO--TERMO TÓPICO
Cabeçalho tópico ou nome geográfico Familia
9 (RLIN) 35
655 #0 - TERMO DE ÍNDICE--GÊNERO E FORMA
Gênero/forma/ou termo foco Romance
655 #0 - TERMO DE ÍNDICE--GÊNERO E FORMA
Gênero/forma/ou termo foco Ficção
700 ## - ENTRADA ADICIONADA - NOME PESSOAL
Nome pessoal Vera Ribeiro
Função do autor por extenso Tradutor
9 (RLIN) 421
942 ## - ELEMENTOS DE ENTRADA ADICIONADOS (KOHA)
Fonte de classificação ou esquema de arquivamento Classificação decimal de Dewey
Ocultar no OPAC Não
Tipo de material Koha Livros
Holdings
Situação do descarte Situação das perdas Fonte de classificação ou esquema de arquivamento Status danificado Não pode ser emprestado Coleção Biblioteca de origem Biblioteca atual Localização na estante Data de aquisição Fonte de aquisição Total de empréstimos Número de chamada completo Código de barras Data de último acesso Número do exemplar Data do preço efetivo Tipo de material Koha
    Classificação decimal de Dewey     Ficção Biblioteca Professor Eduardo Afonso de Castro Biblioteca Professor Eduardo Afonso de Castro Literatura Estrangeira 15.02.2016 doação   813 / E26g 2025-15126 04.02.2025 Ex. 01 04.02.2025 Livros
    Classificação decimal de Dewey     Ficção Biblioteca Professor Eduardo Afonso de Castro Biblioteca Professor Eduardo Afonso de Castro Literatura Estrangeira 03.01.2019 doação   813 / E26g 2025-16287 04.02.2025 Ex. 02 04.02.2025 Livros
    Classificação decimal de Dewey     Ficção Biblioteca Professor Eduardo Afonso de Castro Biblioteca Professor Eduardo Afonso de Castro Literatura Estrangeira 26.06.2017 doação   813 / E26g 2025-15690 04.02.2025 Ex. 03 04.02.2025 Livros

Powered by Koha